G20の加盟国・地域 - Statistics

General Stats
  • This quiz has been taken 1,106 times
  • The average score is 16 of 20
Answer Stats
メンバー % Correct
日本
99%
アメリカ合衆国
98%
フランス
95%
中華人民共和国
95%
ドイツ
93%
イギリス
93%
カナダ
93%
ロシア
92%
イタリア
90%
インド
89%
ブラジル
86%
大韓民国
84%
オーストラリア
69%
メキシコ
68%
南アフリカ共和国
67%
インドネシア
65%
アルゼンチン
56%
サウジアラビア
51%
トルコ
41%
欧州連合
28%
No matching quizzes found
Score Distribution
Percent of People with Each Score
Percentile by Number Answered
Your Score History
You have not taken this quiz